000 002980000a22000970004500
100 1 _aGriswold Loobie, Susan
245 1 0 _aWorld wide web : Advancing missions through technology
300 _aVol. 78, Num. 3 (Julio-Septiembre,1988), Páginas 20-21
773 0 _tLatin America Evangelist
942 _cANA
999 _c55140
_d55140